[Event "IECG CN.2002.0.00276 email"]
[Site "IECG email"]
[Date "2002.01.16"]
[Round "?"]
[White "Sheehan, Dennis"]
[Black "Arauz, Christopher"]
[Result "1-0"]
[WhiteElo "800"]
[BlackElo "455"]
[PlyCount "59"]
[EventDate "2002.01.16"]
[EventType "tourn (corr)"]
[EventRounds "6"]
[SourceTitle "Corr 2008"]
[Source "ChessBase"]
[SourceDate "2008.06.24"]
[SourceVersion "1"]
[SourceVersionDate "2008.06.24"]
[SourceQuality "1"]

1. e4 c5 2. Nf3 d6 3. d3 Nc6 4. g3 g6 5. Bg2 Bg7 6. 0-0 e6 7. Nc3 Nge7 8. Bf4 0-0 9. Nb5 Bxb2 10. Rb1 Be5 11. Nxe5 dxe5 12. Be3 b6 13. Bh6 Re8 14. Bg5 a6 15. Nc3 Bb7 16. Na4 Qd7 17. Nxb6 Qd6 18. Nxa8 Bxa8 19. Rb6 Qd7 20. Qd2 f5 21. Qc3 Qd4 22. Qxd4 exd4 23. Bxe7 Rxe7 24. exf5 Rc7 25. fxe6 Kf8 26. f4 Ke7 27. f5 gxf5 28. Rxf5 Kxe6 29. Rf8 Bb7 30. Rb8 1-0